| 000 | 00663nam a2200193 4500 | ||
|---|---|---|---|
| 001 | 132073 | ||
| 003 | ES-MaACL | ||
| 005 | 20230906194111.0 | ||
| 007 | t| | ||
| 008 | 070214s1969 es r ||||1| spa d | ||
| 100 | 1 |
_aRodríguez Ruíz, Napoleón. _998782 |
|
| 245 | 1 | 3 |
_aLa abertura del triángulo _b: cuento / _cNapoleón Rodríguez Ruíz. |
| 250 | _a1ª ed. | ||
| 260 |
_aSan Salvador : _bMinisterio de Educación, Dirección General de Cultura, _c1969. |
||
| 300 |
_a118 p. ; _c21 cm. |
||
| 500 | _aSegundo Premio República de El Salvador, 1968. | ||
| 710 | 2 |
_aEl Salvador. _bDirección General de Cultura. _93460 |
|
| 852 |
_aES-MaACL _jC-42657 _bR.81356 |
||
| 999 |
_c132073 _d132073 |
||